The Custom Road Bike /
Guía para sacar el mejor provecho de una bicicleta de ruta, desde los accesorios y la mecánica hasta las mejores técnicas para competencias de ciclismo de ruta.
Збережено в:
| Автор: | |
|---|---|
| Формат: | Книга |
| Мова: | Англійська |
| Опубліковано: |
Londres, Inglaterra :
Laurence King,
2010, c2010
|
| Предмети: | |
| Теги: |
Немає тегів, Будьте першим, хто поставить тег для цього запису!
|
MARC
| LEADER | 00000nam^a2200000^a^4500 | ||
|---|---|---|---|
| 001 | 000314470 | ||
| 005 | 20250521000000.0 | ||
| 009 | 20260310113216.154 | ||
| 020 | |a 978-1-85669-664-7 | ||
| 037 | |a Acervo ITESO - Biblioteca | ||
| 041 | |a ING | ||
| 082 | |a 629. 2272 |b AND | ||
| 100 | |a Andrews, Guy |e (autor) | ||
| 245 | 1 | 4 | |a The Custom Road Bike / |c G. Andrews. |
| 264 | 4 | |a Londres, Inglaterra : |b Laurence King, |c 2010, c2010 | |
| 300 | |a 223 p. | ||
| 336 | |a texto |b txt |2 rdacontenido | ||
| 337 | |a sin mediación |b n |2 rdamedio | ||
| 338 | |a volumen |b nc |2 rdasoporte | ||
| 520 | |a Guía para sacar el mejor provecho de una bicicleta de ruta, desde los accesorios y la mecánica hasta las mejores técnicas para competencias de ciclismo de ruta. | ||
| 649 | |a XX | ||
| 650 | |a Bicicletas - |x Equipo y Aparatos | ||
| 650 | |a Bicicletas - |x Mantenimiento y Reparación | ||
| 650 | |a Bicicletas - |x Tema Principal | ||
| 650 | |a Ciclismo | ||
| 650 | |a Deportes | ||
| 910 | |a Fondo General | ||
| 920 | |a Impresos - Libros | ||
| 930 | |a Colección General | ||
| 905 | |a 101 | ||
| 901 | |a 0500201118 |b IT1 |c ACC |i C129369 |u 20250521 | ||
| 901 | |a 0500201111 |b IT1 |c ACC |i C129370 |u 20250521 | ||
| 902 | |a https://opac.biblio.iteso.mx/vufind/Record/000314470 | ||